000 00836nam a22001815i 4500
001 155035
003 ES-MaACL
005 20250929063221.0
008 040720s1873 sp |||| | spa d
040 _aCAM
_bspa
_cCAM
100 1 _aGuzmán, José María,
_dS.XIX
_9127677
245 1 0 _aEspaña y Portugal
_b: juguete cómico en un acto y en prosa /
_coriginal de José María Guzmán.
260 _aMadrid :
_b[s.n.],
_c1873 (
_fImprenta, fundición y estereotipia de Juan Aguado)
300 _a27 p. ;
_c20 cm.
500 _aRepresentado por primera vez en el Teatro-Romea el día 17 de febrero de 1873.
852 _aES-MaACL
_jF-8553(1)
_z-- Enc. pasta española
_q.- Falto de la cub. original
_z.- Enc. en un vol. faciticio, formando parte de la col. facticia "Teatro español moderno", v. 5
999 _c155035
_d155035